[Event "DRUZYNOWE MISTRZOSTWA POLSKI - II LIGA 2018"]
[Site "Jastrzebia Gora"]
[Date "1899-12-30"]
[Round "6.21"]
[White "Cajbel, Maciej"]
[Black "Sanz Wawer, Daniel"]
[Result "1/2-1/2"]
[WhiteTitle "k"]
[BlackTitle "k"]
[WhiteElo "2187"]
[BlackElo "2166"]

1. e4 c6 2. Nc3 d5 3. Nf3 Bg4 4. h3 Bh5 5. exd5 cxd5 6. Bb5+ Nc6 7. g4 Bg6 8. Ne5
Rc8 9. d4 e6 10. h4 f6 11. Bxc6+ bxc6 12. Nxg6 hxg6 13. Qd3 Kf7 14. Be3 Bb4 15.
Qa6 Ne7 16. Bd2 c5 17. Nb5 Bxd2+ 18. Kxd2 Rc6 19. Qxa7 Qb8 20. Qxb8 Rxb8 21. a4
cxd4 22. b3 e5 23. f4 Re6 24. h5 gxh5 25. Rxh5 exf4 26. Nxd4 Re4 27. c3 f3 28.
b4 Rxg4 29. Nxf3 Kg6 30. Rhh1 Nc6 31. Rag1 Rxg1 32. Rxg1+ Kf7 33. b5 Na5 34. Nd4
g5 35. Kd3 Rh8 36. Rg3 Kg6 37. Ne6 Kf5 38. Nd4+ Kg6 39. Ne6 Kf5 40. Nd4+ Kg6 41.
Ke4 1/2-1/2

[Event "DRUZYNOWE MISTRZOSTWA POLSKI - II LIGA 2018"]
[Site "Jastrzebia Gora"]
[Date "1899-12-30"]
[Round "6.22"]
[White "Rozycki, Bartlomiej"]
[Black "Puczylowski, Marcin"]
[Result "1-0"]
[WhiteTitle "k++"]
[BlackTitle "k"]
[WhiteElo "2145"]
[BlackElo "2110"]

1. d4 Nf6 2. c4 e6 3. Nf3 c5 4. d5 b5 5. Bg5 Qa5+ 6. Nc3 Ne4 7. Qd3 Nxc3 8. Qxc3
Qxc3+ 9. bxc3 bxc4 10. e4 Be7 11. Bxe7 Kxe7 12. Bxc4 d6 13. Rb1 Nd7 14. Bb5 Rb8
15. O-O Nf6 16. Rfe1 Bd7 17. Bxd7 Nxd7 18. c4 Nb6 19. Nd2 Na4 20. Rb3 Rb4 21.
Kf1 Rhb8 22. Ke2 R8b6 23. Kd3 Ra6 24. a3 Rxb3+ 25. Nxb3 Nb6 26. Ra1 f5 27. f3
fxe4+ 28. fxe4 Nd7 29. Kc3 Ne5 30. Nd2 h5 31. Nf3 Kf6 32. Nd2 g5 33. Kb3 Ke7 34.
Rf1 Ng4 35. h3 Ne3 36. Re1 Rb6+ 37. Kc3 Nxg2 38. Rg1 Nf4 39. Rxg5 Ra6 40. Kb3
Rb6+ 41. Kc3 Ra6 42. Kb3 Rb6+ 43. Kc2 Ra6 44. Nb1 Nxh3 45. Rxh5 Nf4 46. Rh4 Ne2
47. Rh7+ Kf6 48. Rh6+ Kf7 49. Rh7+ Kf6 50. Rh6+ Kf7 51. dxe6+ Ke7 52. Kd2 Rb6
53. Rh1 Rb2+ 54. Ke3 Kxe6 55. Nd2 Nd4 56. Rh6+ Ke5 57. Rh5+ Ke6 58. Rh6+ Ke5 59.
Rh5+ Ke6 60. Rh7 a5 61. Rh6+ Ke5 62. Rh5+ Ke6 63. Rh6+ Ke5 64. Rh5+ Ke6 65. e5
dxe5 66. Ne4 Nc2+ 67. Kd3 Ne1+ 68. Ke3 Ng2+ 69. Kf3 Ne1+ 70. Ke3 Ng2+ 71. Kf3
Ne1+ 72. Kg4 Rg2+ 73. Kh3 Ra2 74. Nxc5+ Kf6 75. Ne4+ Ke6 76. Nc5+ Kf6 77. a4 Nf3
78. Kg4 Nd2 79. Rh2 Ke7 80. Ne4 Rxa4 81. Nxd2 Kd6 82. Ne4+ Kc6 83. Rc2 Rb4 84.
Kf5 a4 85. Kxe5 a3 86. Kd4 Rb1 87. Ra2 Rb3 88. Nc5 Rh3 89. Nd3 Kd5+ 90. Ke4+ 1-0

[Event "DRUZYNOWE MISTRZOSTWA POLSKI - II LIGA 2018"]
[Site "Jastrzebia Gora"]
[Date "1899-12-30"]
[Round "6.23"]
[White "Zurkowski, Andrzej"]
[Black "Praczukowski, Stanislaw"]
[Result "1/2-1/2"]
[WhiteTitle "k+"]
[BlackTitle "k"]
[WhiteElo "2048"]
[BlackElo "2131"]

1. g3 Nf6 2. Bg2 d5 3. d4 c6 4. Nf3 Bf5 5. O-O e6 6. c4 Bd6 7. Nc3 O-O 8. Qb3 Qb6
9. c5 Qxb3 10. axb3 Bc7 11. b4 Ne4 12. Nh4 Nxc3 13. bxc3 Bc2 14. Ra3 Nd7 15. Be3
h6 16. Rc1 Bh7 17. Nf3 a6 18. Nd2 Rfe8 19. c4 dxc4 20. Nxc4 g5 21. f4 gxf4 22.
gxf4 Nf6 23. Bd2 Be4 24. Bxe4 Nxe4 25. e3 Kh7 26. Kg2 Rg8+ 27. Kf3 f5 28. Raa1
Rg4 29. Rg1 Rag8 30. Rxg4 Rxg4 31. Rh1 Rg8 32. Be1 Kg6 33. Rg1+ Kf7 34. Rxg8 Kxg8
35. Nb2 1/2-1/2

[Event "DRUZYNOWE MISTRZOSTWA POLSKI - II LIGA 2018"]
[Site "Jastrzebia Gora"]
[Date "1899-12-30"]
[Round "6.24"]
[White "Marcinczyk, Monika"]
[Black "Kasperek, Joanna"]
[Result "1/2-1/2"]
[WhiteTitle "WCM"]
[BlackTitle "k++"]
[WhiteElo "1865"]
[BlackElo "2051"]

1. e4 c5 2. Nf3 Nc6 3. Nc3 Nf6 4. d4 cxd4 5. Nxd4 e5 6. Ndb5 d6 7. Bg5 a6 8. Na3
b5 9. Nd5 Be7 10. Bxf6 gxf6 11. Qd3 Be6 12. Rd1 Rc8 13. c3 Na5 14. Qg3 Kf8 15.
Qh4 h5 16. f3 f5 17. Qf2 Bh4 18. g3 Bg5 19. Be2 h4 20. Qf1 fxe4 21. fxe4 hxg3
22. hxg3 Kg7 23. Nc2 Rxh1 24. Qxh1 Bxd5 25. Rxd5 Nc4 26. b3 Ne3 27. Nxe3 Bxe3
28. Rd3 Rxc3 29. Rxc3 Qa5 30. Qf3 Qxc3+ 31. Kf1 Qc1+ 32. Kg2 Bg5 33. Qd3 Qd2 34.
Qxd2 Bxd2 35. a4 bxa4 36. bxa4 a5 37. Kf3 Kg6 38. Kg4 Be1 39. Bc4 Bf2 40. Bd5
Be1 1/2-1/2

[Event "DRUZYNOWE MISTRZOSTWA POLSKI - II LIGA 2018"]
[Site "Jastrzebia Gora"]
[Date "1899-12-30"]
[Round "6.25"]
[White "Kislinsky, Alexey"]
[Black "Jedynak, Radoslaw"]
[Result "1-0"]
[WhiteTitle "GM"]
[BlackTitle "GM"]
[WhiteElo "2450"]
[BlackElo "2353"]

1. e4 e6 2. d4 d5 3. Nd2 Nc6 4. Ngf3 Nf6 5. e5 Nd7 6. Bd3 Be7 7. O-O a5 8. c3 b6
9. Re1 Ba6 10. Bc2 Na7 11. Nf1 c5 12. Ng3 h5 13. h3 Nc6 14. a3 g6 15. Be3 Qc7
16. h4 Bf8 17. Ng5 Bh6 18. Rc1 Qb7 19. Qf3 Bxg5 20. Bxg5 cxd4 21. cxd4 Nxd4 22.
Qf4 Nxc2 23. Rxc2 Rc8 24. Rxc8+ Qxc8 25. Rc1 Qb8 26. b4 Bc4 27. Ne4 dxe4 28. Rxc4
axb4 29. Qd2 O-O 30. Qxd7 bxa3 31. Ra4 Qxe5 32. Rxa3 b5 33. Be7 Rb8 34. Bd6 1-0

[Event "DRUZYNOWE MISTRZOSTWA POLSKI - II LIGA 2018"]
[Site "Jastrzebia Gora"]
[Date "1899-12-30"]
[Round "6.26"]
[White "Pazderski, Ziemowit"]
[Black "Grabarczyk, Miroslaw"]
[Result "1/2-1/2"]
[WhiteTitle "k+"]
[BlackTitle "GM"]
[WhiteElo "2239"]
[BlackElo "2392"]

1. d4 d5 2. Nf3 Nf6 3. Bf4 e6 4. e3 c5 5. c3 Nc6 6. Nbd2 Bd6 7. Bd3 Bxf4 8. exf4
cxd4 9. cxd4 Qb6 10. Nb3 Bd7 11. O-O Nb4 12. Nc5 Nxd3 13. Nxd7 Nxd7 14. Qxd3 O-O
15. f5 exf5 16. Qxf5 Nf6 17. b3 g6 18. Qf4 Ne4 19. h4 Rac8 20. Rac1 Qf6 21. Qe5
Qxe5 22. dxe5 Rfe8 23. Rfe1 Kf8 24. Kf1 Ke7 25. Nd4 Kd7 26. f3 Ng3+ 27. Kf2 Nf5
28. Nxf5 gxf5 29. f4 Ke6 30. Red1 Rg8 31. g3 h5 32. Kf3 Kxe5 33. Ke4+ 1/2-1/2

[Event "DRUZYNOWE MISTRZOSTWA POLSKI - II LIGA 2018"]
[Site "Jastrzebia Gora"]
[Date "1899-12-30"]
[Round "6.27"]
[White "Sabuk, Piotr"]
[Black "Maciaga, Marcin"]
[Result "1-0"]
[WhiteTitle "IM"]
[BlackTitle "k+"]
[WhiteElo "2386"]
[BlackElo "2117"]

1. d4 Nf6 2. Nf3 b6 3. e3 e6 4. Bd3 Bb7 5. O-O Be7 6. c4 c5 7. Nc3 O-O 8. d5 exd5
9. cxd5 d6 10. e4 a6 11. a4 Qc7 12. Nd2 Nfd7 13. f4 Bf6 14. Kh1 Re8 15. Qf3 Nf8
16. Nc4 Bxc3 17. bxc3 b5 18. axb5 axb5 19. Rxa8 Bxa8 20. Na3 c4 21. Nxb5 Qb6 22.
Bxc4 Nbd7 23. Ba3 Nc5 24. e5 Nfd7 25. Nxd6 Rb8 26. Qh3 Qb1 27. Bb4 Qc2 28. e6
fxe6 29. dxe6 Nb6 30. Bxc5 Nxc4 31. Nxc4 Qe2 32. Ne3 h5 33. Kg1 Bc6 34. e7 Kh8
35. Qe6 Be8 36. Bd4 Kh7 37. Qe5 Rb5 38. Qxg7# 1-0

[Event "DRUZYNOWE MISTRZOSTWA POLSKI - II LIGA 2018"]
[Site "Jastrzebia Gora"]
[Date "1899-12-30"]
[Round "6.28"]
[White "Choroszej, Aleksander"]
[Black "Aliavdin, Nikolai"]
[Result "0-1"]
[WhiteTitle "k"]
[BlackTitle "IM"]
[WhiteElo "2054"]
[BlackElo "2323"]

1. d4 e6 2. c4 c5 3. d5 exd5 4. cxd5 d6 5. Nc3 g6 6. e4 Bg7 7. f4 a6 8. a4 Ne7
9. Nf3 Bg4 10. Be2 Nd7 11. O-O O-O 12. Ra3 Rb8 13. a5 Bxf3 14. Rxf3 f5 15. Rh3
Bd4+ 16. Kh1 Nf6 17. exf5 gxf5 18. Bh5 Kh8 19. Qe1 Nxh5 20. Rxh5 Qe8 21. Rh3 Qf7
22. Bd2 Rbe8 23. Qd1 Rg8 24. Qf3 Rg6 25. Ne2 Bf6 26. Re3 Nxd5 27. Rxe8+ Qxe8 28.
Ng3 Qa4 29. Qe2 Qd7 30. Rh5 Ne7 31. Bc3 Bxc3 32. bxc3 Re6 33. Qf2 Qa4 34. h3 Qd1+
35. Kh2 Qd5 36. c4 Qd4 37. Qf3 Re1 38. h4 Qg1+ 39. Kh3 Re3 40. Rxh7+ Kxh7 0-1

[Event "DRUZYNOWE MISTRZOSTWA POLSKI - II LIGA 2018"]
[Site "Jastrzebia Gora"]
[Date "1899-12-30"]
[Round "6.29"]
[White "Jedryczka, Krystian"]
[Black "Krasiewicz, Robert"]
[Result "1-0"]
[WhiteTitle "m"]
[BlackTitle "k+"]
[WhiteElo "2201"]
[BlackElo "1965"]

1. e4 g6 2. d4 Bg7 3. Nc3 d6 4. Be3 a6 5. a4 Nc6 6. d5 Nb8 7. g3 e5 8. a5 f5 9.
Bg2 Ne7 10. Nge2 Nd7 11. h3 O-O 12. Qd2 Nf6 13. f3 c6 14. O-O cxd5 15. exd5 Bd7
16. Kh2 Rc8 17. Ra3 Kh8 18. Rd1 Bb5 19. Nxb5 axb5 20. f4 e4 21. Nd4 b4 22. Qxb4
Nfxd5 23. Qa4 Nxe3 24. Rxe3 Nd5 25. Re2 Qe7 26. c3 h5 27. Nf3 Nf6 28. Qb4 Rc5
29. Ng5 h4 30. g4 Nd5 31. Rxd5 Rxd5 32. Qb6 Bh6 33. c4 Rd3 34. Qf2 Bxg5 35. fxg5
Qxg5 36. Bxe4 Rd1 37. Bc2 Rc1 1-0

[Event "DRUZYNOWE MISTRZOSTWA POLSKI - II LIGA 2018"]
[Site "Jastrzebia Gora"]
[Date "1899-12-30"]
[Round "6.30"]
[White "Andrejczuk, Beata"]
[Black "Kantane, Anna"]
[Result "0-1"]
[WhiteTitle "WFM"]
[BlackTitle "WIM"]
[WhiteElo "2057"]
[BlackElo "2247"]

1. e4 c5 2. Nc3 Nc6 3. f4 g6 4. Nf3 Bg7 5. Bc4 e6 6. d3 Nge7 7. O-O d5 8. Bb3 O-O
9. Qe1 Na5 10. Qh4 a6 11. f5 gxf5 12. exd5 Nxb3 13. axb3 Nxd5 14. Bg5 f6 15. Bh6
b6 16. Rfe1 Ra7 17. Re2 Bxh6 18. Qxh6 Rg7 19. Rae1 e5 20. Nxd5 Qxd5 21. Qh5 Kh8
22. Rf2 Rfg8 23. Ree2 f4 24. h3 Rg3 25. Kh2 Bb7 26. Qh6 Qf7 27. Nh4 R3g5 0-1

[Event "DRUZYNOWE MISTRZOSTWA POLSKI - II LIGA 2018"]
[Site "Jastrzebia Gora"]
[Date "1899-12-30"]
[Round "6.31"]
[White "Janaszak, Dawid"]
[Black "Karpus, Michal"]
[Result "0-1"]
[WhiteTitle "FM"]
[BlackTitle "FM"]
[WhiteElo "2362"]
[BlackElo "2382"]

1. d4 Nf6 2. c4 e6 3. g3 d5 4. Bg2 g6 5. Nf3 Bg7 6. Nbd2 O-O 7. O-O b6 8. cxd5
exd5 9. Ne5 Bb7 10. Ndf3 Qe7 11. Qa4 Ne4 12. Bf4 c5 13. Qa3 Na6 14. Rac1 Nc7 15.
dxc5 bxc5 16. Nd3 Ne6 17. Rfd1 Rfe8 18. Be5 Bh6 19. Rc2 d4 20. Bh3 f6 21. Bf4
Nxf4 22. gxf4 Bf8 23. Nfe1 Qf7 24. Qa4 Bd5 25. f3 Nd6 26. Nxc5 Nc4 27. Nd7 Ne3
28. Rxd4 Nxc2 29. Qxc2 Bg7 30. Nd3 Bxa2 31. N7c5 f5 32. Ra4 Bd5 33. Bf1 Rac8 34.
b4 Qe7 35. Kg2 Bd4 36. Qd2 Qh4 37. Rxa7 Qg4+ 0-1

[Event "DRUZYNOWE MISTRZOSTWA POLSKI - II LIGA 2018"]
[Site "Jastrzebia Gora"]
[Date "1899-12-30"]
[Round "6.32"]
[White "Krainski, Aleksander"]
[Black "Dudzinski, Piotr"]
[Result "1/2-1/2"]
[WhiteTitle "FM"]
[BlackTitle "FM"]
[WhiteElo "2185"]
[BlackElo "2304"]

1. d4 d5 2. Nf3 Nf6 3. e3 c6 4. c4 e6 5. b3 Be7 6. Bb2 O-O 7. Nbd2 b6 8. Bd3 Bb7
9. O-O Nbd7 10. Rc1 c5 11. Qe2 cxd4 12. exd4 Rc8 13. Rfd1 Re8 14. h3 Nf8 15. Ne5
Ng6 16. Qe3 dxc4 17. bxc4 Nd7 18. f4 Ndxe5 19. fxe5 Bg5 20. Qf2 Rc7 21. Bf1 Bf4
22. Rc3 Rd7 23. Ra3 Bc6 24. Bd3 Qg5 25. Be4 Nxe5 26. Bxc6 Nxc6 27. Nf3 Qg3 28.
Qe2 Red8 29. Rad3 Ne7 30. d5 exd5 31. cxd5 h6 32. Kf1 Qg6 33. Nh4 Qg5 34. Nf3
Qh5 35. Qe4 Qf5 36. Qd4 f6 37. g4 Qg6 38. Qxf4 Nxd5 39. Qc4 Qf7 40. Kf2 Kh8 41.
Nh4 b5 42. Qe4 Nb6 43. Ng6+ Kg8 44. Ne7+ Kf8 45. Rxd7 Rxd7 46. Rxd7 Nxd7 47. Nf5
Kg8 48. a3 Nc5 49. Qe3 Qc7 50. Kg2 Qc6+ 51. Qf3 Qe6 52. Bd4 Ne4 53. Bxa7 g6 54.
Ng3 Qa2+ 55. Bf2 Nxf2 56. Qxf2 Qxa3 57. Qxf6 Qa2+ 58. Kf3 Qd5+ 59. Ke3 Qb3+ 60.
Kf2 Qc2+ 61. Ne2 Qc5+ 62. Qd4 Qf8+ 63. Kg3 b4 64. Nf4 g5 65. Qd5+ Kh7 66. Ne6
Qf6 67. Qe4+ Kg8 68. Nd4 Qb6 69. Kf3 Qf6+ 70. Ke3 Qb6 71. Qd5+ Kf8 72. Kd3 Qa6+
73. Qb5 Qa3+ 74. Ke4 Qc3 75. Qb8+ Ke7 76. Nf5+ Kd7 77. Qb7+ Kd8 78. Qb6+ Kc8 79.
Nd4 Qxh3 80. Qe6+ Kc7 81. Kd5 Qd3 82. Qxh6 Qd2 83. Qd6+ Kb7 84. Qc6+ Kb8 85. Qb6+
Kc8 86. Kc5 Qc3+ 87. Kd5 Qd2 88. Ke6 Qe3+ 89. Kd5 1/2-1/2

[Event "DRUZYNOWE MISTRZOSTWA POLSKI - II LIGA 2018"]
[Site "Jastrzebia Gora"]
[Date "1899-12-30"]
[Round "6.33"]
[White "Dudzinski, Pawel"]
[Black "Krainski, Slawomir"]
[Result "1-0"]
[WhiteTitle "FM"]
[BlackTitle "k"]
[WhiteElo "2217"]
[BlackElo "2098"]

1. e4 e5 2. Nf3 Nc6 3. d4 exd4 4. Nxd4 Nf6 5. Nxc6 bxc6 6. e5 Qe7 7. Qe2 Nd5 8.
c4 Nb6 9. f4 Qe6 10. Nc3 Ba6 11. b3 Bb4 12. Bb2 Qh6 13. Qf3 O-O 14. O-O-O d5 15.
exd6 cxd6 16. g4 d5 17. g5 Qd6 18. cxd5 Bxf1 19. Rhxf1 Rfc8 20. Kb1 Qc5 21. Ne4
Qa5 22. dxc6 Kf8 23. Nd6 Rd8 24. Be5 Qa3 25. c7 Bxd6 26. Bxd6+ Rxd6 27. Qxa8+
1-0

[Event "DRUZYNOWE MISTRZOSTWA POLSKI - II LIGA 2018"]
[Site "Jastrzebia Gora"]
[Date "1899-12-30"]
[Round "6.34"]
[White "Szczesniak, Andrzej"]
[Black "Zareba, Radoslaw"]
[Result "0-1"]
[WhiteTitle "k"]
[BlackTitle "I+"]
[WhiteElo "1934"]
[BlackElo "2110"]

1. d4 b6 2. c4 Bb7 3. Nc3 e6 4. e4 Bb4 5. Qc2 Qh4 6. d5 f5 7. exf5 exd5 8. cxd5
Bxd5 9. a3 Bxc3+ 10. Qxc3 Qe4+ 11. Be3 Nf6 12. Qxc7 Nc6 13. Nf3 Qc2 14. Rc1 Qxb2
15. Qd6 Bxf3 16. gxf3 Ne5 17. Be2 Nf7 18. Qb4 Qxb4+ 19. axb4 Nd6 20. Bd3 Nd5 21.
b5 Nb4 22. Be2 Nxf5 23. Bd2 a5 24. bxa6 Nxa6 25. Ra1 Nc7 26. Rxa8+ Nxa8 27. Bd3
O-O 28. Bb4 Re8+ 29. Kd2 Nd4 30. Be4 Nc7 31. Ra1 Nb3+ 32. Ke1 0-1

[Event "DRUZYNOWE MISTRZOSTWA POLSKI - II LIGA 2018"]
[Site "Jastrzebia Gora"]
[Date "1899-12-30"]
[Round "6.35"]
[White "Chmielarz, Maciej"]
[Black "Karbowiak, Adam"]
[Result "1-0"]
[WhiteTitle "I+"]
[BlackTitle "k+"]
[WhiteElo "1946"]
[BlackElo "2059"]

1. d4 g6 2. c4 Bg7 3. Nc3 Nf6 4. e4 d6 5. f3 O-O 6. Be3 c6 7. Bd3 a6 8. a4 a5 9.
Qd2 Na6 10. Rc1 Nb4 11. Nge2 Bd7 12. O-O Rb8 13. Rfd1 Ne8 14. Bb1 Nc7 15. f4 b5
16. axb5 cxb5 17. c5 d5 18. f5 e6 19. fxg6 hxg6 20. e5 Nc6 21. Bg5 Ne7 22. Nf4
b4 23. Nce2 Bb5 24. Ng3 Qd7 25. Nfh5 gxh5 26. Nxh5 Ne8 27. Bf6 Be2 28. Qxe2 Bxf6
29. Nxf6+ Nxf6 30. exf6 1-0

[Event "DRUZYNOWE MISTRZOSTWA POLSKI - II LIGA 2018"]
[Site "Jastrzebia Gora"]
[Date "1899-12-30"]
[Round "6.36"]
[White "Pacuszka, Wioletta"]
[Black "Czerwinska, Milena"]
[Result "0-1"]
[WhiteTitle "I++"]
[BlackTitle "WFM"]
[WhiteElo "1902"]
[BlackElo "2028"]

1. e4 c5 2. Nf3 d6 3. d4 cxd4 4. Nxd4 Nf6 5. Nc3 a6 6. Be2 e5 7. Nb3 Be7 8. Be3
Be6 9. O-O O-O 10. f4 exf4 11. Bxf4 Nc6 12. Kh1 Rc8 13. Nd4 Nxd4 14. Qxd4 Rc6
15. Bf3 Nd7 16. Nd5 Bxd5 17. Qxd5 Qb6 18. Qf5 Ne5 19. Bxe5 dxe5 20. Qxe5 Bd6 21.
Qd5 Qc7 22. Qh5 Be5 23. h3 Qe7 24. Rad1 g6 25. Qg4 h5 26. Qd7 Qh4 27. Rd5 Qg3
28. Rxe5 Qxe5 29. Qxb7 Rxc2 30. Qxa6 Rxb2 31. Qc4 Rb5 32. Rc1 Rfb8 33. Qc2 Rb2
34. Qc4 Rb1 35. Qc2 R8b2 36. Qc8+ Kg7 37. a4 Qf4 38. Qc3+ Kh7 39. Rg1 Rxg1+ 40.
Kxg1 Rb1+ 41. Kf2 h4 42. Ke2 Qd6 43. Ke3 Qe6 44. Kd4 Qb6+ 45. Kd5 Rb3 46. Qc4
Rb4 47. Qc3 Rxa4 48. Ke5 Rb4 49. Kf4 Rb3 50. Qa1 Qd6+ 51. Qe5 Qxe5+ 52. Kxe5 Kg7
53. Kf4 f6 54. Kg4 Rb4 55. Kf4 Kf7 56. Ke3 Ke6 57. Bg4+ Ke5 58. Be2 Rxe4+ 59.
Kf3 Rf4+ 60. Ke3 f5 61. Bf3 Ra4 62. Be2 Ra3+ 63. Kf2 Kf4 64. Bf3 Ra2+ 65. Kf1
Kg3 0-1

[Event "DRUZYNOWE MISTRZOSTWA POLSKI - II LIGA 2018"]
[Site "Jastrzebia Gora"]
[Date "1899-12-30"]
[Round "6.37"]
[White "Rudolf, Michal"]
[Black "Borgula, Rafal"]
[Result "1-0"]
[WhiteTitle "FM"]
[BlackTitle "FM"]
[WhiteElo "2352"]
[BlackElo "2243"]

1. d4 e6 2. e4 d5 3. Nd2 dxe4 4. Nxe4 Bd7 5. Nf3 Bc6 6. Bd3 Nd7 7. O-O Ngf6 8.
Ng3 Be7 9. Re1 Bxf3 10. Qxf3 c6 11. c4 O-O 12. Bd2 Re8 13. Bc3 Qc7 14. Rad1 Bd6
15. Kh1 a6 16. Ne4 Nxe4 17. Rxe4 Nf8 18. Rde1 b5 19. b3 bxc4 20. bxc4 c5 21. h4
cxd4 22. Bxd4 Bc5 23. Bc3 f5 24. R4e2 Qd7 25. Rd2 Qc7 26. Rb2 Rab8 27. Bxf5 Rxb2
28. Bxb2 Qf7 29. Bh3 Qxf3 30. gxf3 Bxf2 31. Re4 Bc5 32. Re5 Bd6 33. Ra5 Rb8 34.
Bd4 Rb1+ 35. Kg2 Rd1 36. Be3 Rd3 37. Kf2 Ra3 38. Rxa3 Bxa3 39. c5 Kf7 40. Ke2
Ke7 41. Kd3 Nd7 42. Kc4 Bb2 43. c6 Ne5+ 44. Kb3 Ba1 45. c7 Kd7 46. Bb6 Kc8 47.
Bxe6+ Nd7 48. f4 1-0

[Event "DRUZYNOWE MISTRZOSTWA POLSKI - II LIGA 2018"]
[Site "Jastrzebia Gora"]
[Date "1899-12-30"]
[Round "6.38"]
[White "Robak, Zbigniew"]
[Black "Chalupnik, Marcin"]
[Result "1-0"]
[WhiteTitle "m"]
[BlackTitle "k++"]
[WhiteElo "2216"]
[BlackElo "2188"]

1. e4 e6 2. d4 d5 3. Nc3 Bb4 4. e5 c5 5. a3 Bxc3+ 6. bxc3 Ne7 7. Qg4 Qc7 8. Qxg7
Rg8 9. Qxh7 cxd4 10. Ne2 dxc3 11. f4 Nbc6 12. Qd3 Bd7 13. Rb1 Rc8 14. Ng3 Na5
15. Nh5 Kf8 16. Nf6 Rh8 17. h4 Ba4 18. Rb4 b5 19. Be3 Nac6 20. Bc5 Nxb4 21. axb4
a5 22. Qxc3 axb4 23. Qxb4 Kg7 24. Bxe7 Qxc2 25. Rh3 Qd1+ 26. Kf2 d4 27. Be2 Qa1
28. Rg3+ Kh6 29. f5 Qc1 30. Ng4+ 1-0

[Event "DRUZYNOWE MISTRZOSTWA POLSKI - II LIGA 2018"]
[Site "Jastrzebia Gora"]
[Date "1899-12-30"]
[Round "6.39"]
[White "Warszawski, Bartosz"]
[Black "Konieczynski, Piotr"]
[Result "1/2-1/2"]
[WhiteTitle "m"]
[BlackTitle "I++"]
[WhiteElo "2165"]
[BlackElo "1884"]

1. e4 c6 2. d4 d5 3. e5 Bf5 4. Nf3 e6 5. Be2 Nd7 6. O-O Ne7 7. Nbd2 Bg6 8. Nb3
Nf5 9. Bd2 Be7 10. a4 O-O 11. a5 c5 12. dxc5 Nxc5 13. Nxc5 Bxc5 14. b4 Be7 15.
c4 dxc4 16. Bxc4 Nd4 17. Nxd4 Qxd4 18. Qe2 Rfd8 19. Rfd1 Bc2 20. Rdc1 Qxd2 21.
Rxc2 Qxb4 22. Rb2 Qc3 23. Rab1 Rac8 24. Rxb7 Bc5 25. R7b3 Qxa5 26. Bd3 Bb6 27.
g3 Qc5 28. Kg2 g6 29. h4 Rd4 30. Kh3 Rcd8 31. f4 h5 32. Qc2 Qxc2 33. Bxc2 Rd2
34. Rc3 Rf2 35. Rd1 Rxd1 36. Bxd1 Rd2 37. Ba4 Rd8 1/2-1/2

[Event "DRUZYNOWE MISTRZOSTWA POLSKI - II LIGA 2018"]
[Site "Jastrzebia Gora"]
[Date "1899-12-30"]
[Round "6.40"]
[White "Paliwoda, Borys"]
[Black "Kaim, Piotr"]
[Result "1-0"]
[WhiteTitle "I"]
[BlackTitle "m"]
[WhiteElo "1883"]
[BlackElo "2172"]

1. e4 c5 2. Nf3 Nf6 3. e5 Nd5 4. c4 Nb6 5. d4 cxd4 6. Nxd4 Nc6 7. Nxc6 dxc6 8.
Qxd8+ Kxd8 9. Nc3 Bf5 10. b3 e6 11. Bb2 Kc7 12. O-O-O Bc5 13. Bd3 Bxf2 14. Rhf1
Bc5 15. g4 Bxd3 16. Rxf7+ Kb8 17. Rxd3 Rf8 18. Rxg7 Rf1+ 19. Kc2 a5 20. Ne4 Bf8
21. Rd8+ Ka7 22. Rxa8+ Kxa8 23. Rxh7 Rf4 24. Kd3 Bb4 25. g5 Rg4 26. Bd4 Ka7 27.
h4 1-0

[Event "DRUZYNOWE MISTRZOSTWA POLSKI - II LIGA 2018"]
[Site "Jastrzebia Gora"]
[Date "1899-12-30"]
[Round "6.41"]
[White "Kasperkiewicz, Pawel"]
[Black "Katafiasz, Tomasz"]
[Result "1-0"]
[WhiteTitle "k"]
[BlackTitle "I+"]
[WhiteElo "1917"]
[BlackElo "1919"]

1. e4 c5 2. Nf3 Nc6 3. Bb5 g6 4. O-O Bg7 5. Bxc6 dxc6 6. d3 Nf6 7. Nc3 O-O 8. h3
Nd7 9. Be3 b6 10. Qd2 Re8 11. a4 a5 12. Bh6 Bh8 13. Rae1 e5 14. Nh2 Nf8 15. f4
f6 16. f5 Bg7 17. Be3 Qe7 18. b3 Rd8 19. Qf2 Rd6 20. Kh1 Ra7 21. Ne2 Kf7 22. Ng3
g5 23. Nf3 Ke8 24. Nd2 Ba6 25. Qf3 Kd8 26. Kg1 Qf7 27. Kf2 Rb7 28. Rh1 Kc8 29.
h4 h6 30. hxg5 hxg5 31. Rd1 Rd8 32. Ne2 Kb8 33. Nc3 Ka7 34. Ke2 Qd7 35. Ndb1 Qf7
36. Qf2 Qe7 37. Na3 Rbd7 38. Nc4 Rb7 39. Nxa5 Rbd7 1-0

[Event "DRUZYNOWE MISTRZOSTWA POLSKI - II LIGA 2018"]
[Site "Jastrzebia Gora"]
[Date "1899-12-30"]
[Round "6.42"]
[White "Weglarz, Joanna"]
[Black "Bednarska-bzdega, Malgorzata"]
[Result "1/2-1/2"]
[WhiteTitle "k"]
[BlackTitle "WFM"]
[WhiteElo "1942"]
[BlackElo "1991"]

1. e4 c6 2. d4 d5 3. Nd2 dxe4 4. Nxe4 Bf5 5. Ng3 Bg6 6. Nf3 Nf6 7. Bd3 e6 8. O-O
Be7 9. b3 Nbd7 10. c4 O-O 11. Bb2 Bxd3 12. Qxd3 c5 13. Rfd1 Re8 14. Ne5 cxd4 15.
Qxd4 Nxe5 16. Qxe5 Qb8 17. Rd3 Qxe5 18. Bxe5 Red8 19. Rad1 Rxd3 20. Rxd3 Rd8 21.
Rxd8+ Bxd8 22. Bd4 a6 23. f3 Kf8 24. Kf2 Ke8 25. Ke3 Kd7 26. Ne4 Nxe4 27. Kxe4
f6 28. b4 Be7 29. a3 a5 30. Bc3 axb4 31. axb4 1/2-1/2

[Event "DRUZYNOWE MISTRZOSTWA POLSKI - II LIGA 2018"]
[Site "Jastrzebia Gora"]
[Date "1899-12-30"]
[Round "6.44"]
[White "Czerw, Dawid"]
[Black "Helis, Tadeusz"]
[Result "1-0"]
[WhiteTitle "k"]
[BlackTitle "FM"]
[WhiteElo "2263"]
[BlackElo "2182"]

1. d4 Nf6 2. c4 c5 3. d5 b5 4. Qc2 bxc4 5. e4 d6 6. Bxc4 g6 7. Nf3 Bg7 8. O-O O-O
9. h3 Ba6 10. Na3 Nfd7 11. Bd2 Nb6 12. Bxa6 Nxa6 13. Bc3 Nb4 14. Qd2 Qd7 15. Bxg7
Kxg7 16. Nb1 Qa4 17. b3 Qb5 18. Rd1 Na6 19. Nc3 Qd7 20. Ne2 Nc7 21. Ng3 f6 22.
Rac1 a5 23. h4 Qg4 24. h5 Nd7 25. Nh2 Qh4 26. Nf3 Qg4 27. Nh2 Qh4 28. f4 Kh8 29.
Rc3 Rg8 30. hxg6 Rxg6 31. Nf5 Qh5 32. Nxe7 Rg7 33. Nf5 Rg6 34. Kh1 Rgg8 35. Rh3
Qg6 36. Ne7 Qxe4 37. Nxg8 Rxg8 38. Nf3 Nb6 39. Re1 Qg6 40. Re7 Rg7 41. f5 Qxf5
42. Rxg7 Kxg7 43. Qh6+ Kg8 44. Rg3+ Kf7 45. Rg7+ 1-0

[Event "DRUZYNOWE MISTRZOSTWA POLSKI - II LIGA 2018"]
[Site "Jastrzebia Gora"]
[Date "1899-12-30"]
[Round "6.45"]
[White "Walkusz, Witoslaw"]
[Black "Pazdziora, Michal"]
[Result "0-1"]
[WhiteTitle "FM"]
[BlackTitle "k"]
[WhiteElo "2128"]
[BlackElo "2211"]

1. e4 c5 2. Nf3 e6 3. b3 b6 4. Bb2 Bb7 5. Nc3 Nc6 6. Bd3 d6 7. O-O Nf6 8. Re1 Be7
9. e5 dxe5 10. Nxe5 O-O 11. Ne4 Nxe5 12. Bxe5 Nxe4 13. Bxe4 Bxe4 14. Rxe4 Bf6
15. Qe2 Bxe5 16. Rxe5 Qd4 17. c3 Qf4 18. Re4 Qc7 19. Rd1 Rad8 20. Qc4 Rd5 21.
d4 Rfd8 22. Rde1 b5 23. Qxb5 cxd4 24. Qd3 dxc3 25. Rc4 Qxh2+ 26. Kxh2 Rxd3 27.
f3 h6 28. Rc1 Rd2 29. a4 R8d5 30. R1xc3 Rg5 31. Rg4 Rxg4 32. fxg4 Rd4 33. Rc8+
Kh7 34. Rc7 Kg6 35. Rxa7 Rb4 36. a5 Rxb3 37. a6 Ra3 38. Ra8 Kg5 39. Rg8 g6 40.
Rg7 Kf6 41. Rh7 Rxa6 42. Rxh6 Ra4 43. Kg3 Kg5 44. Rh8 Ra3+ 45. Kf2 Kxg4 46. Rf8
Ra2+ 47. Kf1 Ra7 48. Kf2 e5 49. Rg8 Ra2+ 50. Kf1 Kg3 51. Re8 Rf2+ 52. Ke1 f6 0-1

[Event "DRUZYNOWE MISTRZOSTWA POLSKI - II LIGA 2018"]
[Site "Jastrzebia Gora"]
[Date "1899-12-30"]
[Round "6.46"]
[White "Drozniak, Stanislaw"]
[Black "Kubica, Kamil"]
[Result "0-1"]
[WhiteTitle "I++"]
[BlackTitle "k"]
[WhiteElo "2043"]
[BlackElo "2153"]

1. e4 e5 2. Nf3 Nc6 3. Bc4 Bc5 4. O-O Nf6 5. d3 d6 6. h3 h6 7. c3 Bb6 8. a4 O-O
9. Nbd2 a6 10. Re1 Nh5 11. Nf1 Qf6 12. Be3 Bxe3 13. Rxe3 Nf4 14. Ng3 Ne7 15. d4
Neg6 16. a5 Kh8 17. Qb3 Rb8 18. Rd1 b5 19. axb6 cxb6 20. Qa3 b5 21. Bf1 Rd8 22.
Qa5 Bb7 23. c4 exd4 24. Nxd4 bxc4 25. Bxc4 d5 26. exd5 Bxd5 27. Bxd5 Rxd5 28.
Qa4 Rbd8 29. Re8+ Kh7 30. Rxd8 Qxd8 31. Rd2 Qf6 32. Qd1 Nh4 33. Nde2 Nxh3+ 34.
Kh2 Rxd2 35. Qxd2 Nxf2 36. Nf4 Ng6 37. Nxg6 fxg6 38. Qe2 Qh4+ 39. Kg1 Qxg3 40.
Qxf2 Qxf2+ 41. Kxf2 g5 0-1